| 000 | 00665nam a2200217 4500 | ||
|---|---|---|---|
| 003 | OSt | ||
| 005 | 20260601193854.0 | ||
| 008 | 260508b1972 |||oa||| |||| 001 0 eng d | ||
| 040 |
_aICI _bspa _cICI |
||
| 050 |
_aTS171.4 _b.C68 1972 |
||
| 100 | 1 |
_aStreet Furniture from design index 1972/73 _932823 |
|
| 245 | 1 | _aStreet Furniture from Design Index 1972/73 | |
| 264 |
_bCouncil of Industrial Design _c1972 _aLondon, UK |
||
| 300 | _a258 páginas | ||
| 336 |
_atexto _2rdacontent |
||
| 337 |
_asin medio _2rdamedia |
||
| 338 |
_avolumen _2rdacarrier |
||
| 650 |
_aEspacios públicos _xEquipamiento _932824 |
||
| 650 |
_aCalles _xMobiliario _932825 |
||
| 942 |
_2lcc _cB _n1 |
||
| 999 |
_c21991 _d21991 |
||